000 00641nam a2200205Ia 4500
001 10077
003 GE_BSU
008 181216s||||||||xx |||||||||||||| ||und||
040 _cGE_BSU
080 _a821.353.1–1
245 _aპატარა ქართველი
245 _bლექსები
245 _cშემდგ.თ.თავზარაშვილი.მხატვ.ოთარ ქანდარია
260 _aქუთაისი
260 _c1991
300 _a32გვ.ილ.20სმ.
653 _aლექსები
653 _aპატარა ქართველი
942 _cBK
999 _c43349
_d43349